| 000 | 00986nam a2200325 a 4500 | ||
|---|---|---|---|
| 001 | 22522 | ||
| 003 | SK-KTurca | ||
| 005 | 20260331145132.0 | ||
| 008 | 250414s1992 xo 0 slo | ||
| 015 | _aSNBA1992/07 | ||
| 020 | _a8022003697 | ||
| 035 | _aSNK000011310 | ||
| 040 |
_aSNK _bslo _cSNK _eAACR2 |
||
| 041 | 0 | _axo | |
| 044 |
_axo _cSK |
||
| 080 |
_a830-3 _21981 |
||
| 100 | 1 |
_aMay, Karl, _d1842-1912 _4aut |
|
| 245 | 1 | 0 |
_aPúšťou _cKarl May ; Tessa Žabkayová, Peter Glocko, Igor Benca, Ladislav Ševella |
| 250 | _a2. upr. vyd. | ||
| 260 |
_aBratislava _bSlovenský spisovateľ _c1992 _eBanská Bystrica _fTlačiarne BB |
||
| 300 |
_a167 s. _c21 cm |
||
| 500 | _aIlustr. na front. | ||
| 700 | 1 |
_aŽabkayová, Tessa _4trl |
|
| 700 | 1 |
_aGlocko, Peter, _d1946-2019 _4trl |
|
| 700 | 1 |
_aBenca, Igor, _d1958- _4bkd |
|
| 700 | 1 |
_aŠevella, Ladislav _4bkd |
|
| 942 |
_2ddc _cKLDO _n0 |
||
| 999 |
_c22522 _d22522 |
||